[Event "IECC CL0-2019.00 email"]
[Site "IECC email"]
[Date "2019.02.25"]
[Round "?"]
[White "Csoma, Robert"]
[Black "Boukadoum, Mohamed"]
[Result "1-0"]
[WhiteElo "1035"]
[BlackElo "613"]
[PlyCount "73"]
[EventDate "2019.02.10"]
[EventType "tourn (corr)"]
[EventRounds "4"]
[SourceTitle "Corr 2022"]
[Source "ChessBase"]
[SourceDate "2021.10.24"]
[SourceVersion "1"]
[SourceVersionDate "2021.10.24"]
[SourceQuality "1"]

1. c4 e6 2. d4 Nf6 3. Nc3 Bb4 4. Qb3 Ba5 5. Bd2 0-0 6. e3 Bxc3 7. Bxc3 b6 8. Be2 Bb7 9. Nf3 d5 10. 0-0 dxc4 11. Bxc4 Bxf3 12. gxf3 Nc6 13. Bb5 Nb8 14. Rac1 c6 15. Be2 Nd5 16. Kh1 Nd7 17. Qc4 Qc7 18. Bd2 Rac8 19. Bd3 b5 20. Qc2 N7f6 21. e4 Nf4 22. Bb4 Nxd3 23. Qxd3 Nh5 24. Bxf8 Nf4 25. Qd2 Rxf8 26. Rc5 Qd7 27. Qxf4 a5 28. Rd1 f6 29. d5 e5 30. Qe3 cxd5 31. Rdxd5 Qe7 32. Rxb5 Ra8 33. Qc3 Qf7 34. Rxa5 Rf8 35. Rac5 h6 36. Rc7 Qg6 37. Rdd7 1-0

[Event "SN-2017-0-00881"]
[Site "LSS email"]
[Date "2017.09.30"]
[Round "?"]
[White "Boukadoum, Mohamed"]
[Black "Wakeham, Marc R"]
[Result "1/2-1/2"]
[WhiteElo "687"]
[BlackElo "759"]
[PlyCount "81"]
[EventDate "2017.09.15"]
[EventType "tourn (corr)"]
[EventRounds "6"]
[EventCountry "GER"]
[SourceTitle "Corr 2022"]
[Source "ChessBase"]
[SourceDate "2021.10.24"]
[SourceVersion "1"]
[SourceVersionDate "2021.10.24"]
[SourceQuality "1"]

1. Nf3 Nf6 2. d4 g6 3. c4 Bg7 4. g3 0-0 5. Bg2 c6 6. 0-0 d5 7. cxd5 Nxd5 8. Nc3 Bg4 9. e4 Nxc3 10. bxc3 Nd7 11. h3 Bxf3 12. Qxf3 Nb6 13. Ba3 Nc4 14. Bc1 e5 15. dxe5 Bxe5 16. Bf4 Qe7 17. Bxe5 Qxe5 18. Qd3 Nd6 19. f4 Qc5+ 20. Kh2 Rfd8 21. Qc2 b6 22. Rad1 Nc4 23. Rxd8+ Rxd8 24. Rd1 Rxd1 25. Qxd1 Qd6 26. Qxd6 Nxd6 27. e5 Nb5 28. c4 Nd4 29. g4 c5 30. Be4 Kf8 31. f5 Ke7 32. f6+ Ke6 33. g5 Kxe5 34. Bd5 Ne6 35. h4 Nd8 36. Kg3 a6 37. a4 Kd4 38. Kf4 a5 39. Kf3 Kd3 40. Kf4 Kd4 41. Kf3 1/2-1/2

[Event "SN-2017-0-00881"]
[Site "LSS email"]
[Date "2017.09.29"]
[Round "?"]
[White "Boukadoum, Mohamed"]
[Black "Vontina, Maria"]
[Result "0-1"]
[WhiteElo "687"]
[BlackElo "784"]
[PlyCount "118"]
[EventDate "2017.09.15"]
[EventType "tourn (corr)"]
[EventRounds "6"]
[EventCountry "GER"]
[SourceTitle "Corr 2022"]
[Source "ChessBase"]
[SourceDate "2021.10.24"]
[SourceVersion "1"]
[SourceVersionDate "2021.10.24"]
[SourceQuality "1"]

1. Nf3 Nf6 2. d4 d5 3. g3 Bg4 4. Bg2 e6 5. 0-0 Be7 6. Nc3 0-0 7. e3 a6 8. h3 Bh5 9. g4 Bg6 10. a3 c5 11. Bd2 Nc6 12. Rb1 b5 13. b3 cxd4 14. exd4 Bxa3 15. Bg5 Be7 16. Bxf6 Bxf6 17. Ne2 Qc7 18. Rc1 Rfc8 19. c3 Na5 20. b4 Nc4 21. Nd2 Nxd2 22. Qxd2 a5 23. bxa5 Rxa5 24. Ra1 Rca8 25. Rxa5 Rxa5 26. g5 Be7 27. h4 Qc4 28. Nc1 b4 29. cxb4 Bxb4 30. Qf4 Ra8 31. Bf3 Rc8 32. h5 Bf5 33. h6 g6 34. Qe5 Bf8 35. Be2 Qc2 36. Qe3 Rc3 37. Qf4 Qe4 38. Qxe4 Bxe4 39. f3 Bc2 40. Kf2 Be7 41. f4 Bd6 42. Kg2 Be4+ 43. Kg1 Bxf4 44. Rxf4 Rxc1+ 45. Rf1 Rxf1+ 46. Kxf1 f6 47. gxf6 Kf7 48. Kf2 Kxf6 49. Ke3 g5 50. Bg4 Kg6 51. Bxe6 Kxh6 52. Kf2 Kg6 53. Kg3 h5 54. Kh2 g4 55. Kg3 Kg5 56. Bd7 h4+ 57. Kh2 g3+ 58. Kh3 Bf5+ 59. Bxf5 Kxf5 0-1

[Event "CP-2017-P-00016"]
[Site "LSS email"]
[Date "2017.09.27"]
[Round "?"]
[White "Boukadoum, Mohamed"]
[Black "Maur, Rainer"]
[Result "0-1"]
[WhiteElo "678"]
[BlackElo "2235"]
[PlyCount "60"]
[EventDate "2017.10.01"]
[EventType "tourn (corr)"]
[EventRounds "6"]
[EventCountry "GER"]
[SourceTitle "Corr 2022"]
[Source "ChessBase"]
[SourceDate "2021.10.24"]
[SourceVersion "1"]
[SourceVersionDate "2021.10.24"]
[SourceQuality "1"]

1. e4 c5 2. c4 Nc6 3. d3 e6 4. Nc3 Nf6 5. Bg5 Be7 6. Nf3 0-0 7. Be2 d5 8. cxd5 exd5 9. 0-0 Be6 10. Bxf6 Bxf6 11. h3 Re8 12. Nh2 dxe4 13. dxe4 Qb6 14. Bb5 Bxc3 15. Bxc6 Red8 16. Qc2 Bxb2 17. Bxb7 Qxb7 18. Rab1 Rab8 19. Qxc5 Bxa2 20. Rxb2 Qxb2 21. Ng4 Qd4 22. Qxd4 Rxd4 23. e5 Rb1 24. f4 Rxf1+ 25. Kxf1 Rxf4+ 26. Ke2 a5 27. Ke3 Rb4 28. Kf3 Bd5+ 29. Kg3 Rxg4+ 30. hxg4 a4 0-1

[Event "RN-2017-0-01346"]
[Site "LSS email"]
[Date "2017.09.26"]
[Round "?"]
[White "Boukadoum, Mohamed"]
[Black "Venturas, Bob"]
[Result "0-1"]
[WhiteElo "687"]
[BlackElo "719"]
[PlyCount "52"]
[EventDate "2017.09.17"]
[EventType "tourn (corr)"]
[EventRounds "6"]
[EventCountry "GER"]
[SourceTitle "Corr 2022"]
[Source "ChessBase"]
[SourceDate "2021.10.24"]
[SourceVersion "1"]
[SourceVersionDate "2021.10.24"]
[SourceQuality "1"]

1. c4 e5 2. Nc3 Nc6 3. e4 h6 4. d3 Nf6 5. Nf3 Bc5 6. h3 a6 7. Be2 d6 8. Bd2 0-0 9. 0-0 Nh7 10. Qc1 f5 11. Nh2 f4 12. Bg4 Nd4 13. Bxc8 Rxc8 14. Nd5 Ne2+ 15. Kh1 Nxc1 16. Raxc1 c6 17. Nc3 Qh4 18. f3 Bf2 19. Ng4 Bg3 20. Ne2 h5 21. Nxg3 fxg3 22. Bb4 c5 23. Ba3 hxg4 24. fxg4 Ng5 25. Rxf8+ Rxf8 26. b3 Rf2 0-1

[Event "RN-2017-0-01346"]
[Site "LSS email"]
[Date "2017.09.26"]
[Round "?"]
[White "Cherry, Brian"]
[Black "Boukadoum, Mohamed"]
[Result "1-0"]
[WhiteElo "388"]
[BlackElo "687"]
[PlyCount "33"]
[EventDate "2017.09.17"]
[EventType "tourn (corr)"]
[EventRounds "6"]
[EventCountry "GER"]
[SourceTitle "Corr 2022"]
[Source "ChessBase"]
[SourceDate "2021.10.24"]
[SourceVersion "1"]
[SourceVersionDate "2021.10.24"]
[SourceQuality "1"]

1. e4 d5 2. exd5 Qxd5 3. d3 Nf6 4. f3 Bf5 5. Nc3 Qa5 6. Bd2 c6 7. Ne4 Qe5 8. Bc3 Qe6 9. Qd2 Bxe4 10. fxe4 Nd5 11. Bd4 Qc8 12. a3 Nb6 13. Nf3 e6 14. 0-0-0 N8d7 15. Kb1 Bd6 16. Bxg7 Rg8 17. Bc3 1-0

[Event "OP-2017-0-04431"]
[Site "LSS email"]
[Date "2017.09.07"]
[Round "?"]
[White "Boukadoum, Mohamed"]
[Black "Shim Ng Min, Francis"]
[Result "0-1"]
[WhiteElo "794"]
[BlackElo "1190"]
[PlyCount "102"]
[EventDate "2017.09.02"]
[EventType "tourn (corr)"]
[EventRounds "4"]
[EventCountry "GER"]
[SourceTitle "Corr 2022"]
[Source "ChessBase"]
[SourceDate "2021.10.24"]
[SourceVersion "1"]
[SourceVersionDate "2021.10.24"]
[SourceQuality "1"]

1. Nf3 Nf6 2. d4 d5 3. g3 e6 4. Bg2 Be7 5. c4 c6 6. cxd5 cxd5 7. 0-0 0-0 8. Nc3 Nc6 9. Bg5 Bd7 10. e3 h6 11. Bxf6 Bxf6 12. Qb3 b6 13. Qc2 Rc8 14. Rac1 b5 15. a3 a5 16. Qd3 b4 17. axb4 axb4 18. Ne2 Qb6 19. Rc5 Na5 20. Ra1 Rxc5 21. dxc5 Qxc5 22. Rc1 Qb6 23. Ned4 e5 24. Nb3 e4 25. Qxd5 Nxb3 26. Qxb3 exf3 27. Bxf3 Rc8 28. Rxc8+ Bxc8 29. Qd5 Be6 30. Qa8+ Qd8 31. Qa4 b3 32. Be4 Bxb2 33. Kg2 Bf6 34. Bb1 b2 35. h3 g6 36. Qc2 Qc8 37. Qxc8+ Bxc8 38. Kf3 Bxh3 39. g4 Bf1 40. Kg3 Kf8 41. f4 Ke7 42. Kf2 Bc4 43. Ke1 Kd6 44. Kd2 Kc5 45. Kc2 Be6 46. e4 Bxg4 47. e5 Bf5+ 48. Kxb2 Bxb1 49. Kxb1 Bg7 50. Kc2 Kd4 51. Kd2 Ke4 0-1

[Event "OP-2013-0-02668"]
[Site "LSS email"]
[Date "2013.02.28"]
[Round "?"]
[White "Boukadoum, Mohamed"]
[Black "Vontina, Maria"]
[Result "0-1"]
[WhiteElo "559"]
[BlackElo "772"]
[PlyCount "26"]
[EventDate "2013.02.24"]
[EventType "tourn (corr)"]
[EventRounds "4"]
[EventCountry "GER"]
[SourceTitle "Corr 2015"]
[Source "ChessBase"]
[SourceDate "2015.07.17"]
[SourceVersion "1"]
[SourceVersionDate "2015.07.17"]
[SourceQuality "1"]

1. Nf3 Nf6 2. d4 d5 3. g3 Bg4 4. Bg2 e6 5. 0-0 Be7 6. Bg5 0-0 7. e3 Nbd7 8. c3 c5 9. Bxf6 Nxf6 10. Nbd2 a6 11. h3 Bh5 12. g4 Bg6 13. Nh4 Bd3 0-1

[Event "LSS No Engine Cup 80 Preliminary 6"]
[Site "LSS email"]
[Date "2013.01.05"]
[Round "?"]
[White "Boukadoum, Mohamed"]
[Black "Klawitter, Bernd"]
[Result "0-1"]
[WhiteElo "560"]
[BlackElo "807"]
[PlyCount "32"]
[EventDate "2013.01.06"]
[EventType "tourn (corr)"]
[EventRounds "6"]
[EventCountry "GER"]
[SourceTitle "Corr 2015"]
[Source "ChessBase"]
[SourceDate "2015.07.17"]
[SourceVersion "1"]
[SourceVersionDate "2015.07.17"]
[SourceQuality "1"]

1. Nf3 d5 2. d4 Nf6 3. g3 c6 4. Bg2 Bg4 5. 0-0 Nbd7 6. e3 e6 7. Nc3 Be7 8. h3 Bxf3 9. Bxf3 0-0 10. Bg2 h6 11. a3 a6 12. Bd2 Rc8 13. Ne2 Bd6 14. Bb4 Bxb4 15. c3 Be7 16. g4 Ne4 0-1